000 00303nam a22001337a 4500
008 180125b xxu||||| |||| 00| 0 eng d
020 _a9780323014380
041 _aeng
080 _24TH
_a616
100 _a9
101 _aPAT
245 _aPathophysiology
_cCance,K.L
942 _2udc
_cBK
999 _c40952
_d40952